01357nam a2200361 i 450000100060000000300090000600500170001500800390003201500170007103500210008804000280010908000200013710000380015724501180019526000550031330000510036833600270041933700540044633800280050038000170052850400440054565800280058965000220061765000170063970000330065670000400068971000410072985600980077094200120086899900170088095200490089795200490094614166KOSZ 00520210203113840.0071006s1968 pl a f 001 0 pol aPB 1968/6987 a(OCoLC)823621405 aWA NcWA NdKOSZ 005/KK a621.316:621.3171 aAu, Andrzejd(1911-2002).eAutor.10aBadania łączników elektroenergetycznych prądu zmiennego /cAndrzej Au, Jan Maksymiuk, Andrzej Podgórski. aWarszawa :bWydawnictwa Naukowo-Techniczne,c1968. a306, [2] stron :bilustracje, errata ;c23 cm. 2rdacontentaTekstbtxt 2rdamediaaBez urządzenia pośredniczącegobn 2rdacarrieraWoluminbnc aKsiążki. aBibliografia przy rozdziałach. Indeks. aInżynieria i technika 4aElektroenergetyka 4aWyłącznik1 aMaksymiuk, Jand(1932-2015).1 aPodgórski, Andrzejc(inżynier).2 aWydawnictwa Naukowo-Techniczne4pbl. uhttp://koha.tu.koszalin.pl/cgi-bin/koha/opac-detail.pl?biblionumber=14166yKatalog online BPK 2UKDcKS c14166d14166 00104070aBPKbBPKcwo12274p01759655yKS 00104070aBPKbBPKcwo12275p01759662yKS